El espacio público y la democracia moderna /

I tiakina i:
Ngā taipitopito rārangi puna kōrero
Kaituhi matua: Rabotnikof, Nora (autor)
Ētahi atu kaituhi: Woldenberg, José (presentación) (presentación)
Hōputu: Pukapuka
Reo:Pāniora
I whakaputaina: México : Instituto Federal Electoral, 1997, c1997
Rangatū:(Temas de la Democracia. Ensayos ; 1)
Ngā marau:
Ngā Tūtohu: Tāpirihia he Tūtohu
Kāore He Tūtohu, Me noho koe te mea tuatahi ki te tūtohu i tēnei pūkete!

MARC

LEADER 00000nam^a2200000^a^4500
001 000111725
005 20260220153330.0
009 20260310093844.409
020 |a 968-6581-84-7 
037 |a Acervo ITESO - Biblioteca 
041 |a ESP 
082 |a 320. 01  |b RAB 
100 |a Rabotnikof, Nora  |e (autor) 
245 1 3 |a El espacio público y la democracia moderna /  |c N. Rabotnikof ; presen. de J. Woldenberg. 
264 4 |a México :  |b Instituto Federal Electoral,  |c 1997, c1997 
300 |a 82 p. 
336 |a texto  |b txt  |2 rdacontenido 
337 |a sin mediación  |b n  |2 rdamedio 
338 |a volumen  |b nc  |2 rdasoporte 
440 1 |a (Temas de la Democracia.  |p Ensayos ;  |v 1) 
649 |a XX 
650 |a Vida Pública -  |x Tema Principal 
650 |a Democracia -  |x Tema Principal 
650 |a Proceso Político 
650 |a Política -  |x Teoría -  |x Tema Principal 
650 |a Política 
700 |a Woldenberg, José  |e (presentación) 
910 |a Fondo General 
920 |a Impresos - Libros 
930 |a Colección General 
905 |a 101 
901 |a 0500048557  |b IT1  |c ACC  |u 20250521 
902 |a https://opac.biblio.iteso.mx/vufind/Record/000111725